LEADER 00940nam0-2200337---450- 001 990010025330403321 005 20151221141408.0 010 $a9788815138545 035 $a001002533 035 $aFED01001002533 035 $a(Aleph)001002533FED01 035 $a001002533 100 $a20151221d2010----km-y0itay50------ba 101 0 $aita 102 $aIT 105 $a--------001yy 200 1 $a<>teoria della mente nell'arco di vita$fSerena Lecce, Elena Cavallini, Adriano Pagnin 210 $aBologna$cil Mulino$d2010 215 $a205 p.$d21 cm 225 1 $aItinerari$iPsicologia 610 0 $aMente$aTeoria 676 $a153$v22$zita 676 $a155.2$v22$zita 700 1$aLecce,$bSerena$0474341 801 0$aIT$bUNINA$gRICA$2UNIMARC 901 $aBK 912 $a990010025330403321 952 $a153 LEC 1$b2211$fBFS 959 $aBFS 996 $aTeoria della mente nell'arco di vita$91498058 997 $aUNINA LEADER 04506nam 2200985 a 450 001 9910783052003321 005 20230422043123.0 010 $a9786612758744 010 $a1-282-75874-8 010 $a0-520-92227-1 010 $a1-59734-700-0 024 7 $a10.1525/9780520922273 035 $a(CKB)1000000000004508 035 $a(EBL)223206 035 $a(OCoLC)475927283 035 $a(SSID)ssj0000189032 035 $a(PQKBManifestationID)11165814 035 $a(PQKBTitleCode)TC0000189032 035 $a(PQKBWorkID)10154364 035 $a(PQKB)11666969 035 $a(MiAaPQ)EBC223206 035 $a(OCoLC)49570122 035 $a(MdBmJHUP)muse30516 035 $a(DE-B1597)519746 035 $a(DE-B1597)9780520922273 035 $a(Au-PeEL)EBL223206 035 $a(CaPaEBR)ebr10053508 035 $a(CaONFJC)MIL275874 035 $a(EXLCZ)991000000000004508 100 $a20000404d2000 ub 0 101 0 $aeng 135 $aurun#---|u||u 181 $ctxt 182 $cc 183 $acr 200 14$aThe language of inquiry$b[electronic resource] /$fLyn Hejinian 210 $aBerkeley $cUniversity of California Press$dc2000 215 $a1 online resource (449 p.) 300 $aDescription based upon print version of record. 311 0 $a0-520-21699-7 311 0 $a0-520-21700-4 320 $aIncludes bibliographical references (p. 407-420) and index. 327 $tFront matter --$tContents --$tIntroduction --$tA Thought Is the Bride of What Thinking --$tPreface to Writing Is an Aid to Memory --$tIf Written Is Writing --$tWho Is Speaking? --$tThe Rejection of Closure --$tLanguage and "Paradise" --$tTwo Stein Talks --$tLine --$tStrangeness --$tMaterials (for Dubravka Djuric) --$tComments for Manuel Brito --$tThe Person and Description --$tThe Quest for Knowledge in the Western Poem --$tLa Faustienne --$tThree Lives --$tForms in Alterity: On Translation --$tBarbarism --$tReason --$tA Common Sense --$tHappily --$tWorks Cited --$tAcknowledgment of Permissions --$tIndex 330 $aLyn Hejinian is among the most prominent of contemporary American poets. Her autobiographical poem My Life, a best-selling book of innovative American poetry, has garnered accolades and fans inside and outside academia. The Language of Inquiry is a comprehensive and wonderfully readable collection of her essays, and its publication promises to be an important event for American literary culture. Here, Hejinian brings together twenty essays written over a span of almost twenty-five years. Like many of the Language Poets with whom she has been associated since the mid-1970s, Hejinian turns to language as a social space, a site of both philosophical inquiry and political address. Central to these essays are the themes of time and knowledge, consciousness and perception. Hejinian's interests cover a range of texts and figures. Prominent among them are Sir Francis Bacon and Enlightenment-era explorers; Faust and Sheherazade; Viktor Shklovsky and Russian formalism; William James, Hannah Arendt, and Martin Heidegger. But perhaps the most important literary presence in the essays is Gertrude Stein; the volume includes Hejinian's influential "Two Stein Talks," as well as two more recent essays on Stein's writings. 606 $aPoetics 610 $aacademic. 610 $aamerican literature. 610 $aamerican poetry. 610 $aamerican poets. 610 $aautobiographical. 610 $acollected works. 610 $aconsciousness. 610 $acontemporary poetry. 610 $acreative writing. 610 $aenlightenment. 610 $aessay collection. 610 $afaust. 610 $afemale poets. 610 $agertrude stein. 610 $aknowledge. 610 $alanguage poets. 610 $aliterary analysis. 610 $aliterary criticism. 610 $aliterary culture. 610 $amartin heidegger. 610 $amodern poetry. 610 $aperception. 610 $aphilosophy. 610 $apoetry. 610 $apolitical. 610 $apolitics. 610 $ascheherazade. 610 $ascholarly. 610 $asir francis bacon. 610 $atime. 615 0$aPoetics. 676 $a814/.54 700 $aHejinian$b Lyn$01466793 801 0$bMiAaPQ 801 1$bMiAaPQ 801 2$bMiAaPQ 906 $aBOOK 912 $a9910783052003321 996 $aThe language of inquiry$93805243 997 $aUNINA LEADER 05174nam 2200709 450 001 9910823493603321 005 20200520144314.0 010 $a1-118-88478-7 010 $a1-118-88479-5 010 $a1-118-88477-9 035 $a(CKB)3710000000585083 035 $a(EBL)4383481 035 $a(SSID)ssj0001601787 035 $a(PQKBManifestationID)16165334 035 $a(PQKBTitleCode)TC0001601787 035 $a(PQKBWorkID)14803002 035 $a(PQKB)10408906 035 $a(PQKBManifestationID)16310612 035 $a(PQKB)24406451 035 $a(DLC) 2015039713 035 $a(Au-PeEL)EBL4383481 035 $a(CaPaEBR)ebr11151662 035 $a(CaONFJC)MIL892900 035 $a(PPN)194635074 035 $a(MiAaPQ)EBC4383481 035 $a(OCoLC)924683854 035 $a(EXLCZ)993710000000585083 100 $a20160212h20162016 uy 0 101 0 $aeng 135 $aur|n|---||||| 181 $ctxt 182 $cc 183 $acr 200 02$aA century of parasitology $ediscoveries, ideas and lessons learned by scientists who published in the journal of parasitology, 1914-2014 /$fedited by John Janovy, Jr and Gerald W. Esch ; contributors, M. Leopoldina Aguirre-Macedo [and twenty-six others] 210 1$aWest Sussex, England :$cWiley,$d2016. 210 4$dİ2016 215 $a1 online resource (599 p.) 300 $aDescription based upon print version of record. 311 $a1-118-88479-5 311 $a1-118-88476-0 320 $aIncludes bibliographical references and index. 327 $aTitle Page; Copyright; Dedication; Table of Contents; List of contributors; Preface; Chapter 1: A century of parasitology: 1914-2014; Literature cited; Part I: Systematics and Diversity; Chapter 2: Some New Gregarine Parasites from Arthropoda; Parasitic protozoology and the scientific lessons of intellectual elegance; A lesson learned from the history of parasitology; Diversity; Suitability; Malleability; Feasibility; Comparability; Scalability; Conclusions and lessons; Acknowledgments; Literature cited; Chapter 3: Notes on Two Cestodes from the Spotted Sting-Ray 327 $aHelminth biodiversity research transformed by a century of evolutionary thoughtRules of nomenclature; Technology; Phylogenetic (analytical) methods; Synthesis and integration of knowledge and ideas; Applications to helminth biodiversity studies; Present day; The future; Lessons learned; Literature cited; Chapter 4: Eorhynchus: A Proposed New Name for Neorhynchus Hamann Preoccupied*; Acanthocephala in The Journal of Parasitology, 1914-2014; Classical taxonomy; Molecular-evolutionary taxonomy; Life cycles; Behavioral studies 327 $aEcological, seasonal and geographical distribution, and host-parasite relationshipsAnatomy and ultrastructure; Experimental studies; Surveys, other endeavors, and conclusions; Literature cited; Chapter 5: Tocotrema Lingua (Creplin) the Adult Stage of a Skin Parasite of the Cunner and other Fishes of the Woods Hole Region; A century (1914-2014) of studies on marine fish parasites published in The Journal of Parasitology; The database on parasites of marine fishes in JP and the trends of its sub-disciplines divided into 10-year periods 327 $aMethods for using parasites as bioindicators of environmental qualityWhere have we come from? The first 80 years of knowledge on parasites of marine fishes in JP; Where are we now? Modern times and the arrival of the Internet; The meta-analysis; The performance of JP in comparison with other journals; Where do we go from here?; Environmental drivers of the probability of occurrence of the parasites of flatfishes in the southern Gulf of Mexico; General conclusions; Acknowledgments; Literature cited; Part II: Ecology and Life History 327 $aChapter 6: Seasonal Fluctuation in the Infestation of Planorbis Trivolvis with Larval Trematodes*An overview of the history and advances in the population ecology of parasites; The early years; Theoretical advances; Key studies; Cecal nematodes in red grouse; Methodological and conceptual advances; Conclusions and lessons; Acknowledgments; Literature cited; Chapter 7: Microevolution and the Genetic Structure of Parasite Populations; History of microevolutionary thought in parasitology: The integration of molecular population genetics; A very brief recap of population genetics history 327 $aThe snail's pace flow of molecular population genetics into parasitology 330 $a"A celebration of the long shelf life and intellectual breadth of this journal, along with the rich history of parasitology, especially as manifest by American parasitologists and their colleagues from around the world"--$cProvided by publisher. 606 $aParasitology$xHistory 615 0$aParasitology$xHistory. 676 $a591.524 686 $aSCI070000$2bisacsh 702 $aJanovy$b John 702 $aEsch$b Gerald W. 702 $aAguirre-Macedo$b M. Leopoldina 801 0$bMiAaPQ 801 1$bMiAaPQ 801 2$bMiAaPQ 906 $aBOOK 912 $a9910823493603321 996 $aA century of parasitology$93964794 997 $aUNINA